000 00490nam a22001817a 4500
003 UA-OsUOA
001 13199
007 ta
008 20030420b un ||||| |||| 00| 0 ukr d
100 _aЯковчук Ю.
942 _cSA
040 _aUA-OsUOA
_cUA-OsUOA
_dUA-OsUOA
245 _aПідтримуючи потерпілих
300 _aС.2
955 _a0
773 0 _w0
_tВісті Рівненщини
_dРівне
_d2003
_g№31
650 7 _aКраєзнавча робота
_2UDC
999 _c299360
_d299360